The Usborne introduction to the second world war (Record no. 18109)

MARC details
000 -LEADER
fixed length control field 00593nam a22001817a 4500
008 - FIXED-LENGTH DATA ELEMENTS--GENERAL INFORMATION
fixed length control field 191204b xxu||||| |||| 00| 0 eng d
020 ## - INTERNATIONAL STANDARD BOOK NUMBER
International Standard Book Number 0746062067
040 ## - CATALOGING SOURCE
Original cataloging agency KABU
Transcribing agency KABU
050 ## - LIBRARY OF CONGRESS CALL NUMBER
Classification number D743
Item number .D67 c. 1
100 ## - MAIN ENTRY--PERSONAL NAME
Personal name Dowswell, Paul
245 ## - TITLE STATEMENT
Title The Usborne introduction to the second world war
Statement of responsibility, etc. Paul Dowswell, designed by Leornard Le Rolland & Karen Tomlins, edited by Jane Chisholm
260 ## - PUBLICATION, DISTRIBUTION, ETC. (IMPRINT)
Place of publication, distribution, etc. Usborne, UK
Name of publisher, distributor, etc. Usborne Publishing
300 ## - PHYSICAL DESCRIPTION
Extent 128 p.
650 ## - SUBJECT ADDED ENTRY--TOPICAL TERM
Topical term or geographic name as entry element World war, 1939-1945
700 ## - ADDED ENTRY--PERSONAL NAME
Personal name Rolland, Leornard Le
700 ## - ADDED ENTRY--PERSONAL NAME
Personal name Tomlins, Karen
942 ## - ADDED ENTRY ELEMENTS (KOHA)
Source of classification or shelving scheme Library of Congress Classification
Koha item type General Collection
Classification part D743
Holdings
Withdrawn status Lost status Source of classification or shelving scheme Not for loan Home library Current library Date acquired Cost, normal purchase price Total Checkouts Total Renewals Full call number Barcode Checked out Date last seen Date last checked out Copy number Price effective from Koha item type
    Library of Congress Classification   Kabarak, Main Campus Kabarak, Main Campus 04/12/2019 1800.00 4 1 D743 .D67 c. 1 022278 06/05/2026 20/01/2026 20/01/2026 c. 1 04/12/2019 General Collection
Designed with assistance from East African Informatics Ltd